Statistics for Name a Valid US City by Location

Click here to take the quiz!

General Stats

  • This quiz has been taken 1,271 times
  • The average score is 11 of 16

Answer Stats

LocationCity% Correct
AlaskaAnchorage, Fairbanks...
97%
KentuckyLouisville, Lexington...
87%
VermontBurlington, South Burlington...
86%
IowaDes Moines, Cedar Rapids...
85%
North DakotaFargo, Bismarck...
84%
OahuHonolulu, East Honolulu...
81%
West VirginiaCharleston, Huntington...
75%
Florida KeysKey West, Marathon...
75%
King County, WASeattle, Bellevue...
74%
Harris County, TXHouston, Cypress...
70%
Long IslandNew York City, Long Beach...
65%
Rocky MountainsMissoula, Pocatello...
60%
El Paso County, COColorado Springs, Fountain...
48%
Delmarva PeninsulaDover, Salisbury...
38%
Upper PeninsulaMarquette, Sault Ste. Marie...
38%
Olympic PeninsulaBainbridge, Port Angeles...
21%

Score Distribution

Percentile by Number Answered

Percent of People with Each Score

Your Score History

You have not taken this quiz